| 000 | 00368nam a2200133 4500 | ||
|---|---|---|---|
| 008 | 759.36 K65n | ||
| 020 | _a9786074046236 | ||
| 082 |
_a759.36 _bK65n |
||
| 100 |
_aCarl, Klaus _96413 |
||
| 245 | _aKlimt | ||
| 260 |
_aSlovenia _bKorotan Ljublijana _c2012 |
||
| 300 |
_a256 p. _bill (col) _c17 x 15 cm |
||
| 650 |
_xartistas - Austria _xartistas - biografĂa _xKlimt, Gustav _96414 |
||
| 999 |
_c1505 _d1505 |
||